The Proceedings of the Physical Society. Ser. A: журнал

Bibliografiske detaljer
Ny titel:Proceedings of the Physical Society
Journal of Physics
Sprog:engelsk
Udgivet: London, Taylor & Francis Group, 1950-1957
Fag:
Format: MixedMaterials Serial
KOHA link:https://koha.lib.tpu.ru/cgi-bin/koha/opac-detail.pl?biblionumber=379836

MARC

LEADER 00000nas1a2200000 4500
001 379836
005 20231101062631.0
035 |a (RuTPU)RU\TPU\prd\283 
035 |a PERI00000283 
090 |a 379836 
100 |a 20011210a19509999k y0engy50 ba 
101 0 |a eng 
102 |a GB 
110 |a afaz|||0uu0 
200 1 |a The Proceedings of the Physical Society. Ser. A  |e журнал 
210 |a London  |c Taylor & Francis Group  |d 1950-1957 
440 1 |0 (RuTPU)RU\TPU\prd\278  |t Proceedings of the Physical Society  |o журнал  |c London  |n Taylor & Francis Group  |d 1958-1967  |d 1968-1973, 1975  |n Taylor & Francis Group  |c London 
440 1 |0 (RuTPU)RU\TPU\prd\279  |t Journal of Physics  |h Ser. A  |i General Physics  |o журнал 
610 1 |a физика 
610 1 |a атомная физика 
610 1 |a молекулярная физика 
801 0 |a RU  |b 63413507  |c 20011210  |g PSBO 
801 2 |a RU  |b 63413507  |c 20160919  |g PSBO 
942 |c CR